000 01165nam a2200313 i 4500
003 DO-SdBNP
005 20231220110056.0
007 ta
008 231107b2019 dr a|||| |||| 00| 0 spa d
020 _a9789945916942
040 _aDO-SdBNP
_bspa
_cBNPHU
_erda
082 4 _aRD863.5
_bR696L
_222
100 1 _aRodríguez, Mildred,
_984580
245 1 0 _aLlanto Azul :
_by otras historias terribles /
_cMildred Rodríguez ; corrección, Roxana Delgado, Bileysi Reyes ; ilustraciones, Sarah Amaro Castillo
264 _aSanto Domingo :
_bEl Gato,
_c2019.
300 _a81 páginas :
_bilustraciones ;
_c21 cm.
336 _2rdacontent
_atexto
_btxt
337 _2rdamedia
_asin mediación
_bn
338 _2rdacarrier
_avolumen
_bnc
500 _aIncluye datos biográficos de la autora en la solapa de la cubierta
590 _aInventariado, 2023/BT
650 4 _aCuentos dominicanos
650 4 _aLiteratura dominicana
700 1 _aDelgado, Roxanna,
_ecorrección
_984581
700 1 _aReyes, Bileysi,
_ecorrección
_984582
700 1 _aCastillo, Sarah Amaro,
_eilustraciones
_984583
910 _aBtavárez/Validado. Control de calidad MFF
942 _2ddc
_cLBS1
999 _c55406
_d55406